| 000 | 00741nam a2200229 a 4500 | ||
|---|---|---|---|
| 005 | 20140311163030.0 | ||
| 008 | 100301s19uu xx 00 eng d | ||
| 020 | _a13:9780324161786 | ||
| 050 |
_aHF 5718 _b.Se43 2008 |
||
| 100 | _aSedlack, Robert P. | ||
| 245 |
_aGraphis and visual communication for managers / _cRobert P. Sedlack, Barbara L. Showm, Karl P. Keller ; James S. O'Rourke, editor. |
||
| 260 |
_aU.S.A : _bThomson, _cc2008. |
||
| 300 |
_a106 p. : _bill. ; _c24 cm. |
||
| 440 | _aManagerial Communication Series | ||
| 521 | _aMA | ||
| 650 | _aComputer design. | ||
| 650 | _aComputer graphics. 3. Visualization. | ||
| 700 | _aShwom, Barbara L. | ||
| 700 | _aKeller, Karl P. | ||
| 942 |
_cBK _2lcc _kFOR |
||
| 999 |
_c39620 _d39620 |
||